00644pam a2200193 a 4500020001500000040000800015082002700023100002000050245003800070246001100108246008000119250001200199260004500211300004600256500009500302650001500397700001900412700001900431 a0801627281 cDLC00a540 WCB 1998 A034 Or.1 aKelter, Paul B.10aChemistry :ba world of choices /1 aImpact1 aDo you let the world happen to you, or do you make an impact on your world? a1st ed. aBoston, Mass. :bWCB/McGraw-Hill,c1998. axiv, 589 p. :bill. (some col.) ;c28 cm. aIssued in a box (33 cm.) with book title on spine; one leaf attached to the inside of box. 0aChemistry.1 aCarr, James D.1 aScott, Andrew,